000 00297nam a2200121Ia 4500
008 220204s9999 xx 000 0 und d
082 _a025.5
_bKAT
100 _aWilliam A
245 0 _aIntroduction to reference work. 2 V
250 _aEd.3
260 _aNew York
_bMcGraw Hill
_c1978
942 _cBK
999 _c31270
_d31270